000 00854nam a2200265Ia 4500
003 OSt
005 20220918184602.0
006 a|||||r|||| 00| 0
007 ta
008 220917b |||||||| |||| 00| 0 eng d
024 _a47,199
037 _cTextual
040 _aARTS
_cARTS
_beng
041 _2eng
_aeng
082 _aP, K63 (PD)-;2
100 _aMcIntosh Angus
_965800
245 0 _aPatterns of language
_b papers in general , descriptive and applied linguistics
260 _aBloomington
_bIndiana Univ Press
_c1966
300 _a199p.
_ccm.
490 _aIndiana University studies in the history and theory of linguistics ed by Thomas A Sebeok , etc.
650 _aLINGUISTICS
700 _a Halliday M A K
_914133
942 _hP, K63 (PD)-;2
_cTEXL
_2CC
999 _c177068
_d177068